000 00781nam a22002415 4500
001 168813
003 ES-MaBCM
005 20241016191447.0
008 090602s2009 esp spa d
017 _aSE.2537-2009
020 _a978-84-00-08802-6
021 _axx
035 _a(OCoLC)635845464
040 _cES-MaBCM
100 1 _aCasado, Antonio
_98625
245 0 0 _aBioética para legos
_b: una introducción a la ética asistencial
_cAntonio Casado da Rocha
260 _aMadrid :
_bConsejo Superior de Investigaciones Científicas,
_c2009
300 _a236 p.
_c21 cm
440 0 _aTeoría cum praxi. Serie studia/monografías
_9112728
650 7 _aBioética
_957756
710 2 _951071
_aConsejo Superior de Investigaciones Científicas (España)
942 _cBK
999 _c168813
_d168813